000 00440nam a2200145 i 4500
001 34172
003 ES-MaACL
007 t|
008 030204s1982 sp ||||1| spa d
100 1 _aBlanco Sanchez, Antonio.
_929292
245 1 0 _aEntre Fray Luis y Quevedo en busca de Francisco de la Torre /
_cAntonio Blanco Sánchez.
260 _aSalamanca :
_b[Atlas],
_c1982.
300 _a756 p. ;
_c24 cm.
852 _aES-MaACL
_jL-4191
_bR.104925
999 _c34172
_d34172